[Кн. 1]: Колебательные системы; Основы радиотехники и радиолокации

Opis bibliograficzny
Parent link:Основы радиотехники и радиолокации: [учебное пособие]/ под общ. ред. В. Н. Гаевича. [Кн. 1]: Колебательные системы.— 2-е изд., перераб..— , 1962
1. autor: Калашников А. М. Анатолий Михайлович
Kolejni autorzy: Степук Я. В. Яков Васильевич
Język:rosyjski
Wydane: 1962
Hasła przedmiotowe:
Format: MixedMaterials Książka
KOHA link:https://koha.lib.tpu.ru/cgi-bin/koha/opac-detail.pl?biblionumber=107131

MARC

LEADER 00000nam2a2200000 4500
001 107131
005 20231031115157.0
035 |a (RuTPU)RU\TPU\book\115672 
035 |a RU\TPU\book\109343 
090 |a 107131 
100 |a 20061219d1962 m y0rusy50 ca 
101 0 |a rus 
102 |a RU 
105 |a a j 000zy 
200 0 |a [Кн. 1]: Колебательные системы  |f А. М. Калашников, Я. В. Степук 
210 |d 1962 
215 |a 367 с.  |c ил. 
461 1 |0 (RuTPU)RU\TPU\book\123879  |t Основы радиотехники и радиолокации  |o [учебное пособие]  |f под общ. ред. В. Н. Гаевича  |v [Кн. 1]: Колебательные системы  |e 2-е изд., перераб.  |d 1962 
610 1 |a радиотехника 
610 1 |a радиолокация 
610 1 |a колебательные системы 
610 1 |a линии передачи 
610 1 |a волноводы 
610 1 |a объемные резонаторы 
610 1 |a антенны 
610 1 |a учебные пособия 
675 |a 621.396  |v 3 
675 |a 621.396.9:526.92  |v 3 
700 1 |a Калашников  |b А. М.  |g Анатолий Михайлович 
701 1 |a Степук  |b Я. В.  |g Яков Васильевич 
801 1 |a RU  |b 63413507  |c 20060911  |g PSBO 
801 2 |a RU  |b 63413507  |c 20160505  |g PSBO 
942 |c BK